000 00421nam a2200157Ia 4500
005 20240807062212.0
008 240806s9999||||xx |||||||||||||| ||eng||
041 _aeng
082 _a294.5921
_bCHAV
100 _aChaturvedi Yateedr Nath
245 0 _aVaidik mantro me samajikaran ki svayam siddhiya /
_cChaturvedi Yateedr Nath
260 _bLok Sadhana Varanashi
300 _a226
650 _aSanskrit
942 _cBK
999 _c11558
_d11558